Cesta k umělecké hře na kytaru škola vyšší techniky /

Hlavní autor: Urban, Štěpán, 1913-1974
Jazyk: Nelze použít, není lingvistický obsah
Vydáno: Praha : Supraphon, 1973
Vydání: 3. vyd.
Fyzický popis: 68 s.
Hudebniny Hudebniny
Uloženo v:
LEADER 00727ncm a22002172a 4500
001 000310375
003 CZ BrMZK
005 20120830085334.0
007 qu
008 980105s1973 xr f zxx d
040 |a BOA001  |b cze 
072 7 |a 787  |x Hudba pro strunné a smyčcové nástroje  |2 Konspekt  |9 9 
100 1 |a Urban, Štěpán,  |d 1913-1974  |7 jk01140830  |4 cmp 
245 1 0 |a Cesta k umělecké hře na kytaru  |h [hudebnina] :  |b škola vyšší techniky /  |c Štěpán Urban 
250 |a 3. vyd. 
260 |a Praha :  |b Supraphon,  |c 1973 
300 |a 68 s. 
910 |a BOA001  |b Mus4-0468.998-73 
990 |a MU 
991 |b 201208 
996 6 |b 2619859796  |c Mus4-0468.998-73  |l MZK  |r Sklad / do 1 hodiny  |n 0  |w 000310375  |u 000010  |a 1  |e BOA001  |j MZK50  |s P